000 00332nam a22001217a 4500
008 180425b xxu||||| |||| 00| 0 eng d
041 _aeng
080 _a043.3
100 _a0
101 _aSHKI-BA
245 _aKrijimi Implementimi dhe Analizimi i Infrastruktures se Internetit ne Platformen Windows
_cRecica, B
942 _2udc
_cBK
999 _c45496
_d45496